[Event "AUTO-INT-1695"]
[Site "http://www.queenalice.com/game.php?id=773542"]
[Date "2010.5.10"]
[Round "1"]
[White "betosantos"]
[Black "Markinhogatinho"]
[Result "1-0"]
[WhiteElo "1584"]
[BlackElo "1449"]

1. e4 e5 2. Bc4 Bc5 3. Nf3 Nc6 4. a3 Nf6 5. Ng5 d5 6. Bb5 Ng4 7. Nh3 a6 8. Bxc6+
bxc6 9. O-O Nf6 10. exd5 Bxh3 11. gxh3 1-0

[Event "AUTO-INT-1695"]
[Site "http://www.queenalice.com/game.php?id=773543"]
[Date "2010.5.10"]
[Round "1"]
[White "Markinhogatinho"]
[Black "betosantos"]
[Result "0-1"]
[WhiteElo "1430"]
[BlackElo "1595"]

1. d4 d5 2. c4 dxc4 3. e4 Nf6 4. Nc3 e6 5. Bxc4 Bb4 6. f3 a6 7. Bg5 h6 8. Bxf6
gxf6 9. Ne2 Bxc3+ 10. Nxc3 Nc6 11. O-O b5 0-1

[Event "AUTO-INT-1695"]
[Site "http://www.queenalice.com/game.php?id=773544"]
[Date "2010.5.10"]
[Round "1"]
[White "betosantos"]
[Black "Altos"]
[Result "0-1"]
[WhiteElo "1566"]
[BlackElo "1660"]

1. e4 e6 2. a3 d5 3. e5 d4 4. d3 c5 5. Nf3 Nc6 6. h3 Nge7 7. Nbd2 b6 8. Ng5 h6
9. Nge4 Nxe5 10. Be2 Nf5 11. O-O Be7 12. b3 O-O 13. Bg4 Bb7 14. Bxf5 exf5 15.
Ng3 Bc8 16. a4 Bd6 17. Nh5 Bb7 18. Qe1 Qg5 19. Ng3 Rae8 20. Nde4 Qg6 21. Nxd6
Qxd6 22. Nxf5 Qg6 23. Ng3 Nf3+ 24. gxf3 Rxe1 25. Rxe1 Bxf3 26. Bf4 f6 27. Bd6
Re8 28. Rxe8+ Qxe8 29. Nf5 Qd7 30. Re1 Qxf5 31. Re8+ Kh7 32. Kf1 Qxh3+ 33. Ke1
Qh1+ 34. Kd2 Qd1# 0-1

[Event "AUTO-INT-1695"]
[Site "http://www.queenalice.com/game.php?id=773545"]
[Date "2010.5.10"]
[Round "1"]
[White "Altos"]
[Black "betosantos"]
[Result "1-0"]
[WhiteElo "1672"]
[BlackElo "1545"]

1. e4 e5 2. Bc4 Nf6 3. Nc3 a6 4. Nf3 Bb4 5. Qe2 Bxc3 6. bxc3 Nc6 7. Ng5 O-O 8.
Ba3 h6 9. Nf3 d6 10. d4 b5 11. Bd3 exd4 12. cxd4 Bg4 13. Qe3 Bxf3 14. gxf3 Nh5
15. Bb2 Nb4 16. Bc3 Nc6 17. f4 Ne7 18. d5 Qd7 19. Be2 Nf6 20. f5 c6 21. Bxf6 g5
22. Bxe7 Qxe7 23. c4 b4 24. a3 cxd5 25. exd5 Qf6 26. O-O Rae8 27. Qd3 b3 28.
Rfe1 b2 29. Rab1 Rb8 30. Bd1 a5 31. Re3 Qd8 32. Bc2 f6 33. Qc3 Qd7 34. Rxb2 Ra8
35. Re6 a4 36. Rxf6 Qe8 37. Rxh6 1-0

[Event "AUTO-INT-1630"]
[Site "http://www.queenalice.com/game.php?id=785053"]
[Date "2010.6.3"]
[Round "2"]
[White "sandromm"]
[Black "betosantos"]
[Result "1-0"]
[WhiteElo "1765"]
[BlackElo "1552"]

1. e4 e5 2. Nf3 Bd6 3. d4 Nc6 4. d5 Nb4 5. a3 Nc6 6. dxc6 dxc6 7. h3 h6 8. Bc4
Nf6 9. Nc3 O-O 10. Be3 b5 11. Be2 Be6 12. O-O a5 13. Rb1 Ba2 14. Nxa2 Nxe4 15.
Bd3 Nf6 16. Be2 a4 17. Qc1 Qe7 18. Nb4 Bxb4 19. axb4 Rad8 20. Bc5 Qe6 21. Bxf8
Rxf8 22. Nd2 Nd5 23. c3 Nf4 24. Bg4 Qe7 25. g3 Nd3 26. Qc2 e4 27. Bf5 Qf6 28.
Bxe4 Nf4 29. gxf4 Qxf4 30. Bg2 Rd8 31. Nf3 Rd6 32. Rbe1 Rg6 33. Re3 Qd6 34. Rd1
Qf6 35. Ne5 Rg5 36. Nd7 Qd8 37. Ne5 Qc8 38. Nf3 Rg6 39. Ne5 Rg5 40. Nxc6 Qf8 41.
Rd8 1-0

[Event "AUTO-INT-1630"]
[Site "http://www.queenalice.com/game.php?id=785054"]
[Date "2010.6.3"]
[Round "2"]
[White "betosantos"]
[Black "sandromm"]
[Result "0-1"]
[WhiteElo "1526"]
[BlackElo "1781"]

1. e4 e5 2. Bc4 Nf6 3. Qf3 d5 4. Bb5+ c6 5. Bd3 dxe4 6. Bxe4 Nxe4 7. Qxe4 f6 8.
h3 g6 9. Nf3 Bf5 10. Qc4 Nd7 11. O-O Qe7 12. d3 Nb6 13. Qc3 Nd5 14. Qc4 Bg7 15.
Na3 O-O 16. Bd2 Kh8 17. Rae1 Be6 18. Qa4 b5 19. Qh4 g5 20. Qg3 h5 21. Nh2 h4 22.
Qf3 Qc5 23. Qh5+ Kg8 24. c3 Bf7 25. Qf3 Bg6 26. b4 Qd6 27. Nc2 a5 28. bxa5 Nf4
29. Nb4 Nxd3 30. Re3 Nf4 31. Nxc6 Qxd2 32. Rd1 Qxa2 33. Ne7+ Kh7 34. Rde1 Qxa5
35. Nf1 Rf7 36. Nc6 Qa2 37. Nb4 Qa4 38. Nc6 Rc8 39. Nb4 Rc4 40. Nd2 e4 41. Qd1
Qxd1 42. Rxd1 Nd3 43. Nxc4 bxc4 44. Nc6 Rc7 45. Nd8 f5 46. Ne6 Rb7 47. Nxg5+ Kh6
48. Ne6 Bxc3 49. g4 fxg4 50. hxg4 Bd4 51. g5+ Kh7 52. Nxd4 Rb2 53. Rf1 c3 0-1

[Event "AUTO-INT-1630"]
[Site "http://www.queenalice.com/game.php?id=785057"]
[Date "2010.6.3"]
[Round "2"]
[White "galopin"]
[Black "betosantos"]
[Result "1-0"]
[WhiteElo "1619"]
[BlackElo "1429"]

1. e4 e5 2. Nf3 Bd6 3. d4 exd4 4. Qxd4 Nf6 5. e5 Nc6 6. Qd1 Bxe5 7. Bb5 O-O 8.
Bxc6 bxc6 9. O-O Bd6 10. Re1 h6 11. b3 Rb8 12. Bb2 Bb4 13. Nc3 d6 14. Nd4 Rb6
15. a3 Bxc3 16. Bxc3 Bg4 17. f3 Bh5 18. Bb4 a5 19. Bxa5 Ra6 20. Bd2 c5 21. Nf5
Qd7 22. Ng3 Bg6 23. Qe2 Raa8 24. c4 Rae8 25. Qf2 Rb8 26. b4 cxb4 27. axb4 1-0

[Event "AUTO-INT-1630"]
[Site "http://www.queenalice.com/game.php?id=785058"]
[Date "2010.6.3"]
[Round "2"]
[White "betosantos"]
[Black "galopin"]
[Result "0-1"]
[WhiteElo "1580"]
[BlackElo "1631"]

1. e4 e6 2. h3 Nc6 3. a3 b6 4. Nc3 Nf6 5. Nf3 d5 6. Bb5 Bd7 7. Bxc6 Bxc6 8. O-O
dxe4 9. Ng5 h6 10. Nxe6 fxe6 11. d3 exd3 12. cxd3 Bc5 13. Bf4 Nd5 14. Qh5+ Kd7
15. Qf7+ Qe7 16. Qg6 Nxf4 17. Qg3 Bd6 18. Qe3 Nxg2 19. Qe2 Qg5 20. Qg4 Qxg4 0-1

[Event "AUTO-INT-1630"]
[Site "http://www.queenalice.com/game.php?id=785061"]
[Date "2010.6.3"]
[Round "2"]
[White "betosantos"]
[Black "ppeteleco"]
[Result "0-1"]
[WhiteElo "1638"]
[BlackElo "2393"]

1. e4 e6 2. Bc4 d5 3. exd5 exd5 4. Bb5+ c6 5. Bd3 Nf6 6. h3 Bd6 7. Nf3 O-O 8. a3
Be6 9. Nc3 Nbd7 10. Ng5 Nc5 11. Qf3 d4 12. Ne2 Bd5 13. Qf5 g6 14. Ne6 Nxe6 15.
Qxf6 Qxf6 16. f3 Nc5 17. b4 Nxd3+ 18. cxd3 Rfe8 19. O-O Rxe2 20. Bb2 Qf4 21.
Rfe1 Qh2+ 0-1

[Event "AUTO-INT-1630"]
[Site "http://www.queenalice.com/game.php?id=785062"]
[Date "2010.6.3"]
[Round "2"]
[White "ppeteleco"]
[Black "betosantos"]
[Result "1-0"]
[WhiteElo "2321"]
[BlackElo "1627"]

1. e4 e5 2. Nf3 Bd6 3. Bc4 Nf6 4. d4 exd4 5. e5 Qe7 6. Qe2 Bb4+ 7. c3 Nh5 8.
Nxd4 Bc5 9. Nf5 Qf8 10. Bg5 g6 11. Nd6+ cxd6 12. exd6+ Qe7 13. Qxe7# 1-0

[Event "LIGA"]
[Site "http://www.queenalice.com/game.php?id=785113"]
[Date "2010.6.3"]
[Round "4"]
[White "betosantos"]
[Black "polly"]
[Result "0-1"]
[WhiteElo "1537"]
[BlackElo "1667"]

1. e4 e5 2. Bc4 Nf6 3. Qf3 g6 4. a3 Bg7 5. Nc3 O-O 6. Nh3 h6 7. d3 Nc6 8. O-O d6
9. Nb5 a6 10. Nc3 Be6 11. Bxe6 fxe6 12. b4 Nd4 13. Qd1 c5 14. b5 a5 15. Be3 a4
16. Qb1 Qa5 17. Qb2 b6 18. Rad1 Rac8 19. Bd2 Ra8 20. Nd5 Qa7 21. Nc3 Qc7 22. Be3
Nh5 23. Rde1 Kh7 24. Qc1 Qe7 25. Bxd4 cxd4 26. Na2 Nf4 27. Nxf4 exf4 28. Nb4 Be5
29. Nc6 Qd7 30. h3 f3 31. g3 Bxg3 32. fxg3 f2+ 33. Rxf2 e5 34. Rg2 Qxh3 35. Rf1
Qg4 36. Kh1 Qh3+ 37. Kg1 Qe6 38. Rh2 Rxf1+ 39. Kxf1 Qf6+ 40. Kg1 g5 41. Rf2 Qg7
42. Qd2 Rg8 43. Nb4 Rc8 44. Nd5 Rf8 45. Nxb6 Rxf2 46. Qxf2 Qa7 47. Nd5 Qc5 0-1

[Event "copa Parana "]
[Site "http://www.queenalice.com/game.php?id=794475"]
[Date "2010.6.24"]
[Round "4"]
[White "erivaldoadao"]
[Black "betosantos"]
[Result "1-0"]
[WhiteElo "2068"]
[BlackElo "1554"]

1. e4 e5 2. Nf3 Nc6 3. Bb5 Nb4 4. Nc3 a6 5. Bc4 Nf6 6. Nxe5 Qe7 7. Nxf7 Rg8 8.
d4 b5 9. Bb3 d6 10. a3 Nc6 11. O-O h6 12. Re1 Be6 13. e5 dxe5 14. Nxe5 Bxb3 15.
Nxc6 Kd7 16. Nxe7 Bxe7 17. cxb3 Rge8 18. d5 Kc8 19. Ne4 Nh7 20. Qg4+ Kb8 21.
Qxg7 Nf8 22. Nf6 Bxf6 23. Rxe8+ 1-0

[Event "COPA RS-2"]
[Site "http://www.queenalice.com/game.php?id=796493"]
[Date "2010.6.29"]
[Round "3"]
[White "betosantos"]
[Black "Mapelli"]
[Result "0-1"]
[WhiteElo "1596"]
[BlackElo "1584"]

1. e4 g6 2. Bc4 e6 3. Nf3 Bg7 4. d3 b6 5. a3 Bb7 6. h3 Ne7 7. Bg5 Bxb2 8. Ra2
Bg7 9. Nh4 O-O 10. O-O h6 11. Bxe7 Qxe7 12. g3 a6 13. Nd2 b5 14. Bb3 g5 15. Ng2
d5 16. Ne3 dxe4 17. dxe4 Nd7 0-1

[Event "AUTO-INT-1560"]
[Site "http://www.queenalice.com/game.php?id=796669"]
[Date "2010.6.29"]
[Round "2"]
[White "betosantos"]
[Black "kievelrs"]
[Result "0-1"]
[WhiteElo "1473"]
[BlackElo "1555"]

1. e4 e5 2. Bc4 Qf6 3. Nf3 g5 4. d3 Bd6 5. Bxg5 Qg7 6. a3 Nc6 7. Nc3 h6 8. Bh4
Qxg2 9. Rg1 Qh3 10. Rg3 Qxg3 11. hxg3 a6 12. Nh2 Rh7 13. Qg4 Kf8 14. O-O-O h5
15. Qf3 Nd4 16. Qe3 Bc5 17. Qg5 Nc6 18. Rg1 Be7 19. Qf5 Rg7 20. Nf3 d5 21. Qxc8+
Rxc8 0-1

[Event "AUTO-INT-1560"]
[Site "http://www.queenalice.com/game.php?id=796670"]
[Date "2010.6.29"]
[Round "2"]
[White "kievelrs"]
[Black "betosantos"]
[Result "1-0"]
[WhiteElo "1541"]
[BlackElo "1487"]

1. e4 e5 2. Bc4 h6 3. Nf3 Bd6 4. d3 Nf6 5. O-O O-O 6. d4 exd4 7. Qxd4 b6 8. Qd3
Nc6 9. Bd5 Qe7 10. b3 a5 11. Re1 Ba6 12. c4 Nb4 13. Qd2 Rab8 14. Bb2 c6 15. Bxc6
Nxc6 16. e5 Bb4 17. Bc3 Bc5 18. exf6 Qd8 19. fxg7 f6 20. Qxh6 Kf7 21. gxf8=Q+
Qxf8 22. Qxf6+ 1-0

[Event "copa Sao Paulo "]
[Site "http://www.queenalice.com/game.php?id=805945"]
[Date "2010.7.20"]
[Round "2"]
[White "polly"]
[Black "betosantos"]
[Result "1-0"]
[WhiteElo "1655"]
[BlackElo "1549"]

1. e4 e5 2. Nf3 Bd6 3. Nc3 a6 4. g3 Nf6 5. Bg2 Nc6 6. O-O h6 7. d3 O-O 8. Be3 b5
9. d4 exd4 10. Bxd4 Nxd4 11. Qxd4 c5 12. Qxd6 b4 13. Na4 Bb7 14. Nxc5 Bc6 15.
Rfe1 Re8 16. e5 Ng4 17. h3 Nxf2 18. Kxf2 Rb8 19. Nxa6 Qb6+ 20. Nc5 Qb5 21. Nd3
Qc4 22. Rec1 Qb5 23. Qd4 Qa5 24. Nh4 Bb5 25. Nf5 1-0

[Event "AUTO-INT-1625"]
[Site "http://www.queenalice.com/game.php?id=810695"]
[Date "2010.7.30"]
[Round "2"]
[White "Dcar"]
[Black "betosantos"]
[Result "1-0"]
[WhiteElo "1678"]
[BlackElo "1510"]

1. Nf3 f6 2. g3 Nc6 3. Bg2 b6 4. e3 h6 5. O-O Ba6 6. d3 d6 7. Nc3 g5 8. Ne2 Bg7
9. Ned4 Nxd4 10. Nxd4 Qd7 11. Bxa8 1-0

[Event "AUTO-INT-1625"]
[Site "http://www.queenalice.com/game.php?id=810696"]
[Date "2010.7.30"]
[Round "2"]
[White "betosantos"]
[Black "Dcar"]
[Result "0-1"]
[WhiteElo "1520"]
[BlackElo "1668"]

1. d4 d5 2. h3 Nf6 3. Nc3 g6 4. Nf3 Bg7 5. e3 Nc6 6. Bb5 O-O 7. Bxc6 bxc6 8. O-O
Ba6 9. Re1 Ne4 10. Nxe4 dxe4 11. Ng5 Qd5 0-1

[Event "AUTO-INT-1625"]
[Site "http://www.queenalice.com/game.php?id=810699"]
[Date "2010.7.30"]
[Round "2"]
[White "betosantos"]
[Black "daddyrat"]
[Result "0-1"]
[WhiteElo "1443"]
[BlackElo "1660"]

1. e4 e5 2. Bc4 Nf6 3. d3 h6 4. a3 a6 5. Qf3 b5 6. Bb3 d6 7. Nc3 Nc6 8. Be3 Be6
9. Bxe6 fxe6 10. Nh3 d5 11. exd5 exd5 12. Na2 Nd4 13. Bxd4 exd4 14. O-O Qd6 15.
b4 O-O-O 16. Nc1 g5 0-1

[Event "AUTO-INT-1625"]
[Site "http://www.queenalice.com/game.php?id=810700"]
[Date "2010.7.30"]
[Round "2"]
[White "daddyrat"]
[Black "betosantos"]
[Result "1-0"]
[WhiteElo "1667"]
[BlackElo "1436"]

1. e4 e5 2. Nf3 d6 3. h3 h6 4. d4 exd4 5. Qxd4 Nf6 6. e5 Nc6 7. Qe3 Be7 8. exf6
gxf6 9. Bd2 Be6 10. Nc3 Nb4 11. O-O-O Qd7 12. a3 Nc6 13. Nd4 Nxd4 14. Qxd4 c5
15. Qf4 O-O-O 16. Be3 Qc6 17. Bd3 1-0

[Event "interclubes 2010"]
[Site "http://www.queenalice.com/game.php?id=811446"]
[Date "2010.7.31"]
[Round "3"]
[White "Vladimir"]
[Black "betosantos"]
[Result "1-0"]
[WhiteElo "1748"]
[BlackElo "1557"]

1. d4 d5 2. Nf3 Be6 3. h3 h6 4. Nc3 Nf6 5. Bf4 a6 6. e3 Nc6 7. a3 b5 8. Bd3 Bd7
9. Be5 e6 10. O-O Bd6 11. b4 Bxe5 12. dxe5 Ng8 13. Re1 Nge7 14. e4 d4 15. Ne2
O-O 16. Nexd4 Ng6 17. Nxc6 Bxc6 18. Rc1 1-0